|
|
|
|
| LEADER |
00783nam a2200181Ia 4500 |
| 001 |
CTU_25839 |
| 008 |
210402s9999 xx 000 0 und d |
| 082 |
|
|
|a 519.2
|
| 082 |
|
|
|b Đ250/1990
|
| 100 |
|
|
|a Trần Cao Đệ
|
| 245 |
|
0 |
|a Một số phương pháp phân tích số liệu dưới mô hình tuyến tính và ứng dụng trong di truyền định lượng
|
| 245 |
|
0 |
|b Luận năm tốt nghiệp Đại học Sư phạm ngành Toán Khóa 12
|
| 245 |
|
0 |
|c Trần Cao Đệ
|
| 260 |
|
|
|a Cần Thơ
|
| 260 |
|
|
|b Trường Đại học Cần Thơ, Khoa Sư phạm, Bộ môn Toán
|
| 260 |
|
|
|c 1990
|
| 904 |
|
|
|i Nguyễn Quang Điền, 980929
|
| 980 |
|
|
|a Trung tâm Học liệu Trường Đại học Cần Thơ
|